000 00637nam a2200205Ia 4500
003 LK-CoDNM
005 20241128102807.0
008 010623t1962 xxu||||| |||| 00| 1 sin d
040 _aLK-CoDNM
_dLK-CoDNM
_eLK-CoDNM
041 _asin
080 _a294.38
_bSUM
100 _aපැල්මඩුල්ලේ ඒ සුමනරත්න මහතා
245 _aපරිත්‍රාණ ධර්‍මය-1962
246 _aParitrana Dharmaya
260 _bඔරියන්ටල් යන්ත්‍රාලය
_c1962
_aකොළඹ
300 _b84p. ; 21 cm
650 _aBuddhism
650 _a1962
942 _cBK
999 _c106050
_d106050